000 00808nas a2200277 4500
001 BR0303710
003 BR-BrBNA
005 20231205103947.0
007 ta
008 230509b bl.|||p| |||| 00| 00por d
040 _aBR-BrBNA
_bpor
_cBiblioteca Nacional de Agricultura
041 _a(Pt)
072 _aF04; F01
100 1 _aSilva, P.S.L.
100 1 _aSilva, P.I.B.
245 1 _aParcelamento da adubação nitrogenada e rendimento de espigas verdes de milho
650 _aMILHO VERDE
650 _aESPIGA
650 _aADUBAÇÃO
650 _aNITROGÊNIO
650 _aRENDIMENTO
650 _aESPAÇAMENTO
773 0 _tHorticultura Brasileira (Brazil)
_xISSN 0102-0536
_g(Jun 2003), v. 21(2) p. 150-153
_wBR0303710
909 _a202311
_bLúcia
_c55
_dLúcia Elande
942 _2AGRIS
_n0
_cANA
999 _c175668
_d175668